| 000 | 00533nmm a2200169Ia 4500 | ||
|---|---|---|---|
| 008 | 251105s9999||||xx |||||||||||||||||und|| | ||
| 020 | _a9788499459844 | ||
| 041 | _aspa | ||
| 100 | _aMarchadour , Alain | ||
| 245 | 0 |
_a"La tierra que yo te mostraré" : _b La tierra en la Biblia. Cuaderno Bíblico 162 |
|
| 264 |
_a[Madrid, España] : _bEditorial Verbo Divino, _c2014 |
||
| 300 | _a96 páginas | ||
| 490 | _aCuadernos bíblicos | ||
| 650 | _aReligion(s) | ||
| 856 | _uhttps://public.digitaliapublishing.com/a/30486 | ||
| 942 | _cCF | ||
| 999 |
_c92885 _d92885 |
||